Geboren in Thun - Statistiken

Allgemein
  • Dieses Quiz wurde 8 mal gespielt
  • Das Durchschnittsergebnis liegt bei 2 aus 6
Antwortstatistiken
Hinweis Antwort % Korrekt
Fußballtrainer (FC Thun und Greuther Fürth) und früherer Spieler (Thun, FC Zürich und BSC Young Boys) 1980 Marc Schneider
50%
Präsident des Internationalen Komitees vom Roten Kreuz von 2012 bis 2022 1956 Peter Maurer
50%
ehemaliger serbischer Fußballnationalspieler (Inter Mailand, Stuttgart, Florenz und Basel) 1987 Zdravko Kuzmanovic
50%
Schriftsteller und Dramaturg, "Koala" "Hagard" "Hundert Tage" 1971 Lukas Bärfuss
33%
Autorennfahrer, der seit 2014 für Audi in der DTM aktiv ist 1992 Nico Müller
33%
Erfinder des Vollmantelgeschosses 1846 Eduard Rubin
17%
Keine übereinstimmenden Quizze gefunden
Verteilung der Resultate
Anzahl Personen mit jedem Resultat
Perzentil nach korrekt beantworteten Fragen
Ihre Resultats-Entwicklung
Sie haben dieses Quiz noch nicht gespielt